LEADER 00825nam a2200205 i 4500 001 000000154322 003 CaOOAMICUS 005 20061014000000.0 008 061014s1988 it u000 u ita u 013 $a131668 040 $aSeMil$bita 100 1 $aBologna, Giulia,$d<1926- >.$0(OLS)http://semarc/name/949 245 10$aDediche della Trivulziana alla Comunità Europea /$cGiulia Bologna. 260 $a[Milano] :$bComune di Milano,$c1988. 300 $a164 p. :$bill. ;$c34 cm. 500 $aAi pie' del front : Biblioteca Trivulziana. 850 $aSeMil 852 $aSeMil$W1$xVenegono$y1$m5I IX 17$j106182$B106182$CSeMilBibl$Z2$F115374 $8I 996 $6245$aDediche della Trivulziana alla Comunità Europea$9(OLS)http://semarc/title/225858 996 $6260$a[Milano] :$bComune di Milano$9(OLS)http://semarc/publisher/33024 LEADER 01525nam a2200229 i 4500 001 000000250639 003 CaOOAMICUS 005 20160811000000.0 008 160811s1748 xx u000 u lat u 013 $a229544 026 $ad.is m.am o-o- auce (3) 1748 (R) 040 $aSeMil$bita 245 10$aTomus 1. 300 $a[16], VIII, 446, [2] p. 500 $aFront. stampato in rosso e nero. - Segn. : pg8 ?4 A-3K4. - A c. pg6 dedica a D. Carolo Pertusato con fregio calcogr. sott. Car. Pisarrus inc. - Lascito Card. C.M. Martini. 500 $aMarca editoriale: La Fortuna: una donna nuda in mare poggia il piede sinistro su un globo e tiene con le mani una vela spiegata al vento. In una cornice figurata. (Repertorio consultato: Marques d'impressors, Univ. di Barcellona). 700 1 $aPisarri, Carlo .$0(OLS)http://semarc/name/80867 773 0 $aAlexandre, Noël <1639-1724>$tR.p. Natalis Alexandri ordinis FF. Praedicatorum, ... Historia ecclesiastica Veteris Novique Testamenti ab orbe condito ad annum post Christum natum millesimum sexcentesimum: et in loca ejusdem insignia dissertationes historicae, ... Tomus 1. [-9.].$bEditio omnium novissima, ... opera et studio Constantini Roncaglia ... Editio secunda Lucensis, ... illustrata a p. Jo. Dominico Mansi ...$dLucae : Typis Leonardi Venturini, 1748-1752.$g1$w()25412 850 $aSeMil 852 $aSeMil$W1$xVenegono$y1$m2A IX 2 FA$j200985$B200985$CSeMilBibl$Z2$F212710 $8I 941 1 $a4 996 $6245$aTomus 1$9(OLS)http://semarc/title/47282